>1>Show #9136 - Monday, July 1, 2024>div>
>div>

Contestants

>[&lt;< previous game]

> href="showplayer.php?player_id=17616" rel="external">Zoe Strassfield>, a park ranger and writer from Water Mill, New York

> href="showplayer.php?player_id=17617" rel="external">Matt Brooks>, a healthcare IT analyst from Fredericksburg, Virginia

> href="showplayer.php?player_id=17614" rel="external">Cat Pisacano>, a nurse from New York, New York (whose 1-day cash winnings total $11,500)

>[next game >>]

Jeopardy! Round

ble class="round"> <tr> <tr>able>
>STRANGE CURRENCIES
>td>
<tr> <tr>able>
>RHYME TIME
>td>
<tr> <tr>able>
>NOVELLAS
>td>
<tr> <tr>able>
>TAKING YOU TO SCHOOL
>td>
<tr> <tr>able>
>LAST CENTURY
>td>
<tr> <tr>able> </tr> <tr> </tr> <tr> </tr> <tr> </tr> <tr> </tr> <tr> </tr> <tr> </tr> <tr> </tr> <tr> </tr> <tr> </tr> <tr> </tr> <tr> </tr> <tr> </tr> <tr> </tr> <tr> </tr> <tr> </tr> <tr> </tr> <tr> </tr> <tr> </tr> <tr> </tr> <tr> </tr> <tr> </tr> <tr> </tr> <tr> </tr> <tr> </tr> <tr> </tr> <tr> </tr> <tr> </tr> <tr> </tr> <tr> </tr> <tr> </tr> <tr> </tr> <tr> </tr> <tr> </tr> <tr> </tr> <tr> </tr> able>

Scores at the first commercial break (after clue 15):

>BASED ON A TRUE STORY
>td>
<tr> <td>
>&#160;   >$200 > href="suggestcorrection.php?clue_id=524846" title="Suggest a correction for this clue" rel="nofollow">30>td>
>Per The Wall Street Journal, Sam Bankman-Fried uses this fish as clink currency; they call 'em "macks" in the joint <tr> <td>
>&#160;   >$200 > href="suggestcorrection.php?clue_id=524822" title="Suggest a correction for this clue" rel="nofollow">1>td>
>A fat-free monarch <tr> <td>
>&#160;   >$200 > href="suggestcorrection.php?clue_id=524847" title="Suggest a correction for this clue" rel="nofollow">29>td>
>Richard Wright wrote a series of novellas titled this Harriet Beecher Stowe character's "Children" <tr> <td>
>&#160;   >$200 > href="suggestcorrection.php?clue_id=524848" title="Suggest a correction for this clue" rel="nofollow">28>td>
>English:
Amidst & into are amidst & into this part of speech
<tr> <td>
>&#160;   >$200 13>td>
In 1989 Winfried Freudenberg was the last person who died while trying to escape over this, in a balloon <tr> <td>
>&#160;   >$200 6>td>
Caitlin Carver played Nancy Kerrigan when Margot Robbie starred as this rival in a 2017 film >Matt>d class="wrong">Zoe>tr>>td> </tr> able> <tr> <td>
>&#160;   $400 17>td>
Using cheese as "cheese", a dairy cooperative near Bologna backed loans with wheels of this hard cheese <tr> <td>
>&#160;   $400 2>td>
A merciless academy <tr> <td>
>&#160;   $400 21>td>
This 1902 novella tells the story of a man assigned by an ivory company to take command of a damaged boat <tr> <td>
>&#160;   $400 27>td>
Anatomy:
>There are both false & true vocal cords in this hollow, tubular structure, also called the voice box
<tr> <td>
>&#160;   $400 > href="suggestcorrection.php?clue_id=524830" title="Suggest a correction for this clue" rel="nofollow">12>td>
>A 1906 N.Y. Times headline announced President Teddy Roosevelt was "off for the ditch" to visit this country <tr> <td>
>&#160;   $400 > href="suggestcorrection.php?clue_id=524833" title="Suggest a correction for this clue" rel="nofollow">11>td>
>In "Gunfight at the O.K. Corral", Kirk Douglas played Doc Holliday & Burt Lancaster played this lawman>td> <tr> <td>
>&#160;   $600 > href="suggestcorrection.php?clue_id=524838" title="Suggest a correction for this clue" rel="nofollow">16>td>
>It's the silver type of currency in the "Harry Potter" series that shares its name with a farming tool <tr> <td>
>&#160;   $600 > href="suggestcorrection.php?clue_id=524824" title="Suggest a correction for this clue" rel="nofollow">3>td>
>A violin conundrum <tr> <td>
>&#160;   $600 > href="suggestcorrection.php?clue_id=524841" title="Suggest a correction for this clue" rel="nofollow">20>td>
>Truman Capote said Holly Golightly in this novella of his was not a call girl but an "American geisha" <tr> <td>
>&#160;   $600 > href="suggestcorrection.php?clue_id=524850" title="Suggest a correction for this clue" rel="nofollow">26>td>
>Phys Ed:
Hit the field of track & field & see if you can throw this a little over 323 feet, like Jan Zelezný
<tr> <td>
>&#160;   $600 14>td>
>Here's a 1975 photo of a CIA worker helping evacuees onto an Air America helicopter during the fall of the city then known as this >Cat>d class="right">Matt>tr>>td> </tr> able> <tr> <td>
>&#160;   $600 8>td>
An excerpt from "The Master of Disguise" & the article "Escape from Tehran" were the basis for the screenplay of this 2012 film <tr> <td>
>&#160;   $800 7>td>
In the 1940s this country's Magyar Nemzeti Bank printed the million billion pengő note to fight inflation <tr> <td>
>&#160;   $800 4>td>
A kayak inspection <tr> <td>
>&#160;   $800 19>td>
At the end of this Hemingway tale, the title character's former helper Manolin agrees to go fishing with him again <tr> <td>
>&#160;   $800 23>td>
French:
>Say "that's life" en Français, s'il vous plaît; it's also a B*Witched song
<tr> <td>
>&#160;   $800 > href="suggestcorrection.php?clue_id=524832" title="Suggest a correction for this clue" rel="nofollow">15>td>
>What's now this fossil fuels giant began in 1909 as the Anglo-Persian Oil Company <tr> <td>
>&#160;   $800 > href="suggestcorrection.php?clue_id=524835" title="Suggest a correction for this clue" rel="nofollow">9>td>
> href="https://www.j-archive.com/media/2024-07-01_J_09.jpg" target="_blank">Jack O'Connell> played Olympic runner & World War II P.O.W. Louis Zamperini in this film based on a nonfiction bestseller <tr> <td>
>&#160;   $1000 > href="suggestcorrection.php?clue_id=524839" title="Suggest a correction for this clue" rel="nofollow">18>td>
>Named for a signature sandwich, it was a cryptocurrency launched by the Russian branch of Burger King in 2017 >Cat>d class="wrong">Zoe>tr>>able width="100%">r>d class="wrong">Triple Stumper>tr>>td> </tr> able> <tr> <td>
>&#160;   $1000 5>td>
Someone more rapid of movement when he begins fly fishing <tr> <td>
>&#160;   $1000 22>td>
In "Berlin Stories" Christopher Isherwood wrote a novella about her, a nightclub singer in the Weimar Republic <tr> <td>
>&#160;   DD: $1,000 24>td>
History:
>This congressional committee created in 1938 became the Internal Security Committee in 1969 & was dissolved in '75
<tr> <td>
>&#160;   $1000 > href="suggestcorrection.php?clue_id=524851" title="Suggest a correction for this clue" rel="nofollow">25>td>
>In 1966 a stuck thruster & an uncontrollable spin nearly killed Neil Armstrong on Mission 8 in this Apollo precursor program <tr> <td>
>&#160;   $1000 > href="suggestcorrection.php?clue_id=524836" title="Suggest a correction for this clue" rel="nofollow">10>td>
>Mark Rylance won an Oscar for playing spy Rudolf Abel in this Spielberg film
Cat Matt Zoe
$2,000 $2,600 $0

Scores at the end of the Jeopardy! Round:

Cat Matt Zoe
$5,200 $6,600 -$1,000

Double Jeopardy! Round

ble class="round">
<tr> <tr>able>
>IT'S ALIVE
>td>
<tr> <tr>able>
>GUESTS ON HOT ONES>td>
>(Ken: As you may know, that's the talk show where guests answer questions while eating ever-spicier wings.)
<tr> <tr>able>
>SAME FIRST & LAST CONSONANT
>td>
<tr> <tr>able> </tr> <tr>
>O CANADA
>(Ken: Happy Canada Day to all who celebrate.)
<tr> <tr>able>
>WE STAND ON GUARD
>td>
<tr> <tr>able> </tr> <tr> </tr> <tr> </tr> <tr> </tr> <tr> </tr> <tr> </tr> <tr> </tr> <tr> </tr> <tr> </tr> <tr> </tr> <tr> </tr> <tr> </tr> <tr> </tr> <tr> </tr> <tr> </tr> <tr> </tr> <tr> </tr> <tr> </tr> <tr> </tr> <tr> </tr> <tr> </tr> <tr> </tr> <tr> </tr> <tr> </tr> <tr> </tr> <tr> </tr> <tr> </tr> <tr> </tr> <tr> </tr> <tr> </tr> <tr> </tr> <tr> </tr> <tr> </tr> <tr> </tr> <tr> </tr> <tr> </tr> able>

Scores at the end of the Double Jeopardy! Round:

>FOR THEE
>td>
<tr> <td>
>&#160;   $400 > href="suggestcorrection.php?clue_id=524853" title="Suggest a correction for this clue" rel="nofollow">6>td>
>Scientists think some dolphins use these creatures to protect their snouts while foraging along the ocean floor, not for cleaning it <tr> <td>
>&#160;   $400 > href="suggestcorrection.php?clue_id=524860" title="Suggest a correction for this clue" rel="nofollow">22>td>
>Look at him>! Who would have thought he'd go on "Hot Ones" & talk about "Living with Yourself"? Not me <tr> <td>
>&#160;   $400 > href="suggestcorrection.php?clue_id=524863" title="Suggest a correction for this clue" rel="nofollow">20>td>
>Hopefully, you don't have to use your winnings to buy back the family jewels at this kind of store <tr> <td>
>&#160;   $400 > href="suggestcorrection.php?clue_id=524867" title="Suggest a correction for this clue" rel="nofollow">10>td>
>Rising sea levels threaten the isthmus that connects Nova Scotia, "New Scotland", & this province with "New" in its name >Matt>d class="wrong">Zoe>tr>>td> </tr> able> <tr> <td>
>&#160;   $400 > href="suggestcorrection.php?clue_id=524878" title="Suggest a correction for this clue" rel="nofollow">26>td>
>Guard Jerry Kramer's book "Instant Replay" chronicled this NFL team's 1967 season, including the "Ice Bowl" & Super Bowl II <tr> <td>
>&#160;   $400 > href="suggestcorrection.php?clue_id=524872" title="Suggest a correction for this clue" rel="nofollow">14>td>
>President Obama wrote "A Letter to My Daughters" titled this phrase that follows "sweet land of liberty" <tr> <td>
>&#160;   $800 > href="suggestcorrection.php?clue_id=524854" title="Suggest a correction for this clue" rel="nofollow">4>td>
>It's the 4-letter word for some 30 genera of brown algae that grow big in cold sea water <tr> <td>
>&#160;   $800 > href="suggestcorrection.php?clue_id=524861" title="Suggest a correction for this clue" rel="nofollow">21>td>
>This boy band told host Sean Evans how Swedish songwriters insisted the line "it's gonna be me" sound like "it's gonna be may" <tr> <td>
>&#160;   $800 > href="suggestcorrection.php?clue_id=524864" title="Suggest a correction for this clue" rel="nofollow">13>td>
>It's a lack of harmony, or a gamer-friendly online gab zone <tr> <td>
>&#160;   $800 > href="suggestcorrection.php?clue_id=524868" title="Suggest a correction for this clue" rel="nofollow">9>td>
>Once a part of the Northwest Territories, it became its own territory in 1898 <tr> <td>
>&#160;   $800 > href="suggestcorrection.php?clue_id=524879" title="Suggest a correction for this clue" rel="nofollow">27>td>
>The motto of this service branch is Semper Paratus, "Always Ready" <tr> <td>
>&#160;   $800 > href="suggestcorrection.php?clue_id=524873" title="Suggest a correction for this clue" rel="nofollow">15>td>
>Centuries ago, "you" was used to a social superior, but this religious group founded by George Fox thou-ed & thee-ed everyone <tr> <td>
>&#160;   $1200 > href="suggestcorrection.php?clue_id=524855" title="Suggest a correction for this clue" rel="nofollow">5>td>
>That's not moss, but a species of usnea, the beard type of this>td> <tr> <td>
>&#160;   $1200 > href="suggestcorrection.php?clue_id=524857" title="Suggest a correction for this clue" rel="nofollow">3>td>
>In her episode she spoke on the ageless staying power of her film "13 Going on 30" <tr> <td>
>&#160;   $1200 > href="suggestcorrection.php?clue_id=524865" title="Suggest a correction for this clue" rel="nofollow">12>td>
>It's a portmanteau word for a fiend for Lindt or Ghirardelli <tr> <td>
>&#160;   $1200 > href="suggestcorrection.php?clue_id=524852" title="Suggest a correction for this clue" rel="nofollow">1>td>
>The Ottawa River is a tributary of this one that becomes a seaway <tr> <td>
>&#160;   $1200 > href="suggestcorrection.php?clue_id=524880" title="Suggest a correction for this clue" rel="nofollow">28>td>
>In 1789 this hero of America's Revolution became colonel-general of the National Guard of Paris <tr> <td>
>&#160;   $1200 > href="suggestcorrection.php?clue_id=524874" title="Suggest a correction for this clue" rel="nofollow">16>td>
>Melville's Ahab says, "From hell's heart I stab at thee" & this other 4-letter character in a classic sci-fi movie repeats it <tr> <td>
>&#160;   DD: $1,400 > href="suggestcorrection.php?clue_id=524856" title="Suggest a correction for this clue" rel="nofollow">7>td>
>The "B" in B. cereus, which causes food poisoning, stands for this nasty type of bacteria <tr> <td>
>&#160;   $1600 > href="suggestcorrection.php?clue_id=524858" title="Suggest a correction for this clue" rel="nofollow">2>td>
>JLaw teared up from the wings-->or the memory of meeting this director at 18; he'd later direct her in "Don't Look Up" <tr> <td>
>&#160;   $1600 > href="suggestcorrection.php?clue_id=524866" title="Suggest a correction for this clue" rel="nofollow">11>td>
>army.mil says this battle cry can mean "anything & everything except 'no'" <tr> <td>
>&#160;   $1600 > href="suggestcorrection.php?clue_id=524869" title="Suggest a correction for this clue" rel="nofollow">18>td>
>Canada recognizes more than 600 groups of indigenous people known by this ordinal term <tr> <td>
>&#160;   $1600 > href="suggestcorrection.php?clue_id=524871" title="Suggest a correction for this clue" rel="nofollow">17>td>
>This 1888 Gilbert & Sullivan opera set in the Tower of London is subtitled "The Merryman and his Maid" <tr> <td>
>&#160;   $1600 > href="suggestcorrection.php?clue_id=524875" title="Suggest a correction for this clue" rel="nofollow">24>td>
>She loved the hymn "I Vow To Thee My Country" by British composer Gustav Holst & it was heard 16 years apart at her wedding & funeral <tr> <td>
>&#160;   $2000 > href="suggestcorrection.php?clue_id=524859" title="Suggest a correction for this clue" rel="nofollow">8>td>
>Many protozoans get around using these, aka false feet <tr> <td>
>&#160;   $2000 > href="suggestcorrection.php?clue_id=524862" title="Suggest a correction for this clue" rel="nofollow">23>td>
>On his Adult Swim show, this> host destroys his set every episode, but says he is sedated in real life-->"I meditate, jog, I eat salad" <tr> <td>
>&#160;   DD: $2,500 > href="suggestcorrection.php?clue_id=524877" title="Suggest a correction for this clue" rel="nofollow">29>td>
>Weltanschauung in German, it can be optimistic or pessimistic <tr> <td>
>&#160;   $2000 > href="suggestcorrection.php?clue_id=524870" title="Suggest a correction for this clue" rel="nofollow">19>td>
>More "O Canada" lyrics! In 2018 this kind of love "in all thy sons command" became "in all of us command" <tr> <td>
>&#160;   $2000 > href="suggestcorrection.php?clue_id=524881" title="Suggest a correction for this clue" rel="nofollow">30>td>
>Rome breathed a sigh of relief in January of 41 A.D. after Caligula was assassinated by a member of this guard <tr> <td>
>&#160;   $2000 > href="suggestcorrection.php?clue_id=524876" title="Suggest a correction for this clue" rel="nofollow">25>td>
>Polonius' rather windy advice to this son of his in "Hamlet" ends, "Farewell: My blessing season this in thee!"
Cat Matt Zoe
$12,300 $10,600 $1,600

>[wagering suggestions for these scores]

Final Jeopardy! Round

ble class="final_round">
<table> <tr>d class="category_name">GERMAN BOOKS>tr>
>td>tr>
iv>
<tr> <td id="clue_FJ" class="clue_text">First published in 1812, this anthology included "The Water Nymph" & "The Booted Tom Cat"
>Zoe>d rowspan="2" valign="top">What is Grimm's Fairy Tales? Go NZL!>tr>r>d>$1,500>tr>r>>Matt>d rowspan="2" valign="top">What are Grimms Fairy Tales?>tr>r>d>$0>tr>r>>Cat>d rowspan="2" valign="top">What is I ♡ U Nath>tr>r>d>$8,901>tr>table>m class="correct_response">>Grimms' Fairy Tales>td> </tr> able> >var>

Final scores:

Cat Matt Zoe
$3,399 $10,600 $3,100
2nd place: $3,000 New champion: $10,600 3rd place: $2,000

Game dynamics:

Game dynamics graph > href="help.php#coryatscore">Coryat scores:
Cat Matt Zoe
$14,800 >$10,600 $3,000
>22 R,
3 W
>(including 1 DD)
>17 R
(including 1 DD),
>2 W
>9 R,
7 W
(including 1 DD)
> href="help.php#combinedcoryat">Combined Coryat>: $28,400 > href="showgameresponses.php?game_id=8979&highlight=..." rel="external">[game responses]> <a href="showscores.php?game_id=8979&highlight=..." rel="external">[game scores]> <a href="suggestcorrection.php?game_id=8979" rel="nofollow">[suggest correction]>h4>
>Game tape date: 2024-05-15
The J! Archive is created by fans, for fans. Scraping, republication, monetization, and malicious use prohibited; this site may use cookies and collect identifying information. See terms. The Jeopardy! game show and all elements thereof, including but not limited to copyright and trademark thereto, are the property of Jeopardy Productions, Inc. and are protected under law. This website is not affiliated with, sponsored by, or operated by Jeopardy Productions, Inc. Join the discussion at JBoard.tv.